Word Ladder: Broadway Quiz Stats

 Plays Quiz Updated Aug 16, 2012

Challenge
Share
Tweet
Embed
Score 0/43 Timer 05:00
0 Plays Today
Clue 4-Letter Word % Correct
★ My ____ LadyFAIR
98.9%
Santa checks his twiceLIST
95.2%
Clenched handFIST
94.5%
★ Fiddler on the ____ROOF
94.3%
QuicklyFAST
93.5%
Underground plant portionROOT
88.5%
Smallest of the litterRUNT
87.6%
'The ___ for Red October'HUNT
87.1%
Vampires' animal formBATS
86.8%
★ 1996 Pulitzer Prize-winning musicalRENT
86%
____ accompliFAIT
85.8%
In painHURT
85.7%
Lowest adult male singing voiceBASS
85.5%
★ Billy Elliot won the Tony Award for____ Musical BEST
85.5%
No longer straightBENT
85.4%
Chimney dirtierSOOT
85.4%
★ 'The internet is for ____!' - Avenue QPORN
84.8%
★ 2nd longest running Broadway musical of all timeCATS
84.7%
Organize into an orderSORT
82.9%
Skin holePORE
82.1%
★ Porgy and ____BESS
81.6%
EmbracesHUGS
81.3%
Clue 4-Letter Word % Correct
★ Last name of Roxie in ChicagoHART
80.9%
Rabbit kinHARE
80.8%
Fortified winePORT
80.6%
★ Hold on to Your ___HATS
80.3%
Vegetable that comes in earsCORN
79.1%
★ I ___ HamletHATE
78.2%
WitchesHAGS
75.6%
A one-room apartmentLOFT
73.8%
★ '___ Behind' - Spring AwakeningLEFT
72.9%
The central partCORE
72.8%
Chaste or unadulteredPURE
72.7%
For fear thatLEST
71.8%
★ Groundbreaking 1968 musical recently revivedHAIR
71.1%
MistakeGOOF
68.5%
To temptLURE
68%
Spoils of warLOOT
67.1%
Olympic toboggan for twoLUGE
67%
Silly person or birdLOON
63.9%
A stupid person or enforcerGOON
60.6%
★ Kim's boyfriend in Bye Bye BirdieHUGO
52.7%
Spanish city or MLB's JulioLUGO
49%

Today's Daily Dose

Missing Word
Directed by David

Word Ladder
The Jungle Book

On This Day
July 17th II

You're not logged in!

Compare scores with friends on all Sporcle quizzes.
Join for Free
OR
Log In

You Might Also Like...

Show Comments

Extras

Top Quizzes Today


Score Distribution

Your Account Isn't Verified!

In order to create a playlist on Sporcle, you need to verify the email address you used during registration. Go to your Sporcle Settings to finish the process.

Report this User

Report this user for behavior that violates our Community Guidelines.

Details: